Report on Education Statistics 1989

Uložené v:
Podrobná bibliografia
Médium: Kniha
Jazyk:Thai
English
Vydavateľské údaje: Bangkok National Statistical Office 1989
Vydanie:1. ed.
Predmet:
Tagy: Pridať tag
Žiadne tagy, Buďte prvý, kto otaguje tento záznam!

MARC

LEADER 00000nam a2200000 4500
001 c003297
005 20221215114405.0
041 0 |a tha 
041 0 |a eng 
044 |a TH 
245 1 0 |a Report on Education Statistics 1989 
250 |a 1. ed. 
264 1 |a Bangkok  |b National Statistical Office  |c 1989 
300 |a 111 s. 
610 2 0 |a tabuľky štatistické 
610 2 0 |a Thajsko 
610 2 0 |a 1989 
610 2 0 |a školstvo 
610 2 0 |a rozvoj regionálny 
610 2 0 |a regióny 
610 2 0 |a školy 
610 2 0 |a vzdelávanie 
610 2 0 |a mestá